000
00333nam a22001457a 4500
008
231102b ||||| |||| 00| 0 eng d
020
_a
9780521433280
041
_a
eng
080
_a
53
082
_a
53HAL
100
_a
23
101
_a
FIZIK
245
_a
PHYSICAL ORIGINS OF TIMNE ASYMMETRY
_c
HALLIWELL .J .J
942
_2
udc
_c
BK
999
_c
60485
_d
60485